00345pam a2200133a 44500008004100000020002400041082001300065100001600078245004600094260003100140300001000171906001100181999001900192230405s2011 xxu||||| |||| 00| 0 eng d a8123910363cRs. 300 a612bSIR aSircar, S.  aQuestions & Answers in Medical Physiology a New DelhibCBS Pub.c2011 a326 p a000039 c248738d248738